[Event "18th Fajr Open"]
[Site "Mashhad IRI"]
[Date "2010.02.24"]
[Round "7"]
[White "Moosavian,S"]
[Black "Valizadeh,A"]
[Result "1-0"]
[WhiteElo "2407"]
[BlackElo "2061"]

1.e4 c5 2.Nc3 Nc6 3.Nf3 d6 4.Bc4 e6 5.d4 cxd4 6.Nxd4 Nf6 7.Be3 Be7 8.Bb3 O-O
9.Qe2 e5 10.Nf3 Be6 11.Rd1 Rc8 12.O-O h6 13.Rd2 a6 14.Rfd1 Qc7 15.Nh4 Rfd8
16.Ng6 Bxb3 17.Nxe7+ Nxe7 18.axb3 Qc6 19.Qf3 Ne8 20.Qg4 Nf6 21.Qf3 Ne8 22.Qg3 Ng6
23.Nd5 Kf8 24.Bb6 Rd7 25.Ba5 Rb8 26.Bb4 b6 27.h4 a5 28.Bc3 Rbd8 29.Qe3 Rb8
30.b4 a4 31.h5 Ne7 32.f4 f6 33.fxe5 dxe5 34.b5 Qxb5 35.Bb4 Rxd5 36.Bxe7+ Kxe7
37.Rxd5 Qxb2 38.Rd7+ Kf8 39.Qh3 Qa2 40.Rc7 b5 41.Rc8 Rb7 42.Rxe8+  1-0

[Event "18th Fajr Open"]
[Site "Mashhad IRI"]
[Date "2010.02.24"]
[Round "7"]
[White "Tiviakov,S"]
[Black "Sharbaf,M"]
[Result "1-0"]
[WhiteElo "2662"]
[BlackElo "2381"]

1.e4 c5 2.Nc3 Nc6 3.Bb5 g6 4.Bxc6 bxc6 5.f4 Bg7 6.d3 d6 7.Nf3 Nh6 8.O-O O-O
9.Kh1 f5 10.e5 Nf7 11.Qe2 Qc7 12.Re1 Rb8 13.Na4 Nd8 14.Bd2 Ne6 15.Qf2 Bd7
16.b3 Kh8 17.Qh4 Rbe8 18.Bc3 Qd8 19.Re2 Bc8 20.Ng5 Nxg5 21.Qxg5 d5 22.Nxc5 e6
23.Qxd8 Rxd8 24.Bd4 Bh6 25.Rf1 Rf7 26.Rf3 Bf8 27.Na4 Ba6 28.Kg1 Bb5 29.Nc5 Bxc5
30.Bxc5 d4 31.a4 Ba6 32.Kf2 Bc8 33.Ke1 Rb7 34.h3 Rf7 35.g4 a6 36.gxf5 Rxf5
37.Re4 Bb7 38.Rf2 Rd5 39.Rxd4 Kg7 40.Rxd5 exd5 41.e6 Bc8 42.Re2 d4 43.b4  1-0

[Event "Gotth' Art Cup IM"]
[Site "Szentgotthard HUN"]
[Date "2010.02.24"]
[Round "3"]
[White "Paschall,W"]
[Black "Banas,J"]
[Result "1-0"]
[WhiteElo "2398"]
[BlackElo "2341"]

1.e4 c5 2.Nc3 Nc6 3.Bb5 Nd4 4.Bc4 g6 5.Nf3 d6 6.Nxd4 cxd4 7.Qf3 e6 8.Nb5 a6
9.Nxd4 Bg7 10.c3 Ne7 11.O-O O-O 12.d3 Nc6 13.Nxc6 bxc6 14.d4 a5 15.Bf4 d5
16.Bd3 Ba6 17.Rfe1 Bxd3 18.Qxd3 a4 19.b4 axb3 20.axb3 Qb6 21.b4 Rfd8 22.h3 h5
23.g4 hxg4 24.hxg4 Qb7 25.Kg2 Rxa1 26.Rxa1 Ra8 27.Rh1 dxe4 28.Qxe4 Qb5 29.Bd6 Ra2
30.Bc5 Qe2 31.Qxe2 Rxe2 32.c4 Rd2 33.b5 cxb5 34.cxb5 Bxd4 35.Bxd4 Rxd4 36.Rb1 Rd7
37.b6 Rb7 38.Kf3 Kf8 39.Ke4 Ke7 40.g5 Kd6 41.f4 Ke7 42.Ke5 Kd7 43.Kf6 Kc6
44.Ke5 Kd7 45.Rd1+ Kc6 46.Rc1+ Kb5 47.Rc7 Rxb6 48.Rxf7 Kc4 49.Rf6 Kd3 50.Rxe6 Rb5+
51.Kf6 Rf5+ 52.Kxg6 Rxf4 53.Kg7  1-0

[Event "Reykjavik Open"]
[Site "Reykjavik ISL"]
[Date "2010.02.25"]
[Round "2"]
[White "Player,E"]
[Black "Sareen,V"]
[Result "1-0"]
[WhiteElo "2156"]
[BlackElo "2364"]

1.e4 c5 2.Nc3 Nc6 3.Bb5 Nd4 4.Bc4 e6 5.Nge2 a6 6.Nxd4 cxd4 7.Ne2 Bc5 8.d3 Ne7
9.Bb3 O-O 10.O-O f5 11.f3 b5 12.Qe1 Bb7 13.Kh1 Kh8 14.Bd2 Qc7 15.a4 Rac8
16.axb5 axb5 17.Qh4 Ng6 18.Qh5 d5 19.exd5 e5 20.Ng1 Ne7 21.Nh3 Nxd5 22.Ng5 g6
23.Qh6 Qd7 24.Rfe1 Nf6 25.Re2 Bd5 26.Bxd5 Qxd5 27.Ra6 Qd7 28.Ra1 Nh5 29.Ra6 Rg8
30.Nh3 Bf8 31.Qg5 Be7 32.Qh6 Bf8 33.Qg5 Bg7 34.Qh4 Rgf8 35.Qe1 Qb7 36.Qa1 Ra8
37.Ra5 Rxa5 38.Qxa5 Qc6 39.Be1 Ra8 40.Qb4 Qd5 41.Qe7 Bf6 42.Qc7 Ng7 43.Bb4 Kg8
44.Re1 Ne8 45.Qc5 Qxc5 46.Bxc5 Ra2 47.f4 e4 48.dxe4 Rxb2 49.e5 Bh4 50.g3 Rxc2
51.Bxd4 Be7 52.Ra1 b4 53.Ra8 Kf8 54.Rb8 Rd2 55.Bf2 Kf7 56.Kg1 Nc7 57.Rb7 Rc2
58.Be1 Nd5 59.Ng5+ Ke8 60.Ne6 Rc6 61.Rb8+ Kd7 62.Nd4 Bc5 63.Bf2 Ra6 64.Rb5 Ra1+
65.Kg2  1-0

[Event "ch-IND National Teams"]
[Site "Gurgaon IND"]
[Date "2010.02.27"]
[Round "9"]
[White "Roy Chowdhury,S"]
[Black "Ramnath,B"]
[Result "1/2-1/2"]
[WhiteElo "2413"]
[BlackElo "2382"]

1.e4 c5 2.Nf3 Nc6 3.Nc3 e5 4.Bc4 d6 5.d3 Be7 6.Nd2 Nf6 7.Nf1 Bg4 8.f3 Be6
9.Ne3 O-O 10.O-O Rb8 11.a4 a6 12.Ncd5 b5 13.axb5 axb5 14.Bb3 Nd4 15.Nxf6+ Bxf6
16.Bxe6 fxe6 17.c3 Nc6 18.Ng4 Be7 19.Be3 Qd7 20.Qd2 Ra8 21.Qc2 Rfb8 22.Rxa8 Rxa8
23.Nf2 b4 24.Rd1 Qa7 25.Qb3 Qa2 26.Qxa2  1/2-1/2

[Event "ch-IND National Teams"]
[Site "Gurgaon IND"]
[Date "2010.02.27"]
[Round "9"]
[White "Himanshu,Sh"]
[Black "Jain Singhai,N"]
[Result "1-0"]
[WhiteElo "2457"]
[BlackElo "1966"]

1.e4 c5 2.Nf3 Nc6 3.Nc3 g6 4.d4 cxd4 5.Nxd4 Bg7 6.Nde2 Nf6 7.g3 d6 8.Bg2 Bd7
9.h3 Rb8 10.a4 a6 11.O-O Qa5 12.Bd2 Qh5 13.Qc1 e5 14.g4 Bxg4 15.Ng3  1-0

[Event "Max Euwe Challenge"]
[Site "Amsterdam NED"]
[Date "2010.02.28"]
[Round "9"]
[White "Singh,Gurp"]
[Black "Schut,L"]
[Result "1-0"]
[WhiteElo "2303"]
[BlackElo "2219"]

1.e4 c5 2.Nc3 Nc6 3.Nf3 e5 4.Bc4 d6 5.d3 Be7 6.O-O Be6 7.Nd5 Qd7 8.a3 Nf6
9.Ng5 Bxd5 10.exd5 Nd4 11.f4 h6 12.Nxf7 Kxf7 13.fxe5 dxe5 14.d6+ Ne6 15.dxe7 b5
16.Ba2 Kxe7 17.Be3 Rac8 18.a4 a6 19.axb5 axb5 20.Bxe6 Kxe6 21.Qf3 Rhd8 22.Ra6+ Kf7
23.Bxh6 Kg8 24.Bxg7 Qxg7 25.Rxf6 c4 26.Qf5  1-0

[Event "IFPX Categoria A"]
[Site "Sao Paulo BRA"]
[Date "2010.02.28"]
[Round "7"]
[White "Schutt,Ri"]
[Black "Bispo,L"]
[Result "1/2-1/2"]
[WhiteElo "2143"]
[BlackElo "2153"]

1.e4 c5 2.Nf3 Nc6 3.Nc3 d6 4.d4 cxd4 5.Nxd4 e5 6.Nf5 Nf6 7.Bg5 Bxf5 8.exf5 Be7
9.Bxf6 Bxf6 10.Bc4 O-O 11.O-O Nd4 12.Qd3 Rc8 13.Bd5 b5 14.Rac1 Bg5 15.f4 Bh6
16.Rce1 b4 17.fxe5 Nxc2 18.Qxc2 dxe5 19.Rxe5 bxc3 20.bxc3 Qf6 21.Qe4 Rxc3
22.Re8 Re3 23.Rxf8+ Kxf8 24.Qb4+ Re7 25.Re1 Qb6+ 26.Qxb6 axb6 27.Rxe7 Kxe7
28.g4 Bf4 29.Kg2 g6 30.h3 Kf6 31.Kf3 Bc7 32.fxg6 hxg6 33.h4 Kg7 34.g5 f5
35.gxf6+ Kxf6 36.Kg4  1/2-1/2

[Event "IFPX Categoria A"]
[Site "Sao Paulo BRA"]
[Date "2010.02.28"]
[Round "7"]
[White "Van Riemsdijk,H"]
[Black "Coelho,L"]
[Result "0-1"]
[WhiteElo "2416"]
[BlackElo "2381"]

1.e4 c5 2.Nf3 Nc6 3.Nc3 d6 4.d4 cxd4 5.Nxd4 Nf6 6.Bc4 e6 7.Bb3 Be7 8.Be3 a6
9.f4 O-O 10.Qf3 Nxd4 11.Bxd4 b5 12.f5 b4 13.Na4 e5 14.Bf2 Bb7 15.Bd5 Bxd5
16.exd5 Qa5 17.Nb6 Rab8 18.Nc4 Qb5 19.Ne3 e4 20.Qf4 Nxd5 21.Qxe4 Nxe3 22.Bxe3 Rfe8
23.Qf4 Bh4+ 24.Kd2 Bf6 25.Kc1 Rbc8 26.Rd1 Qe2 27.Bd2 Qd3  0-1

[Event "42nd WGM"]
[Site "Belgrade SRB"]
[Date "2010.03.03"]
[Round "1"]
[White "Eric,J"]
[Black "Maksimovic,S"]
[Result "1/2-1/2"]
[WhiteElo "2183"]
[BlackElo "2272"]

1.e4 c5 2.Nf3 Nc6 3.Nc3 e5 4.Bc4 Be7 5.d3 Nf6 6.Nd2 a6 7.a4 Rb8 8.Nf1 Nd4
9.Nd5 b5 10.axb5 axb5 11.Nxf6+ Bxf6 12.Bd5 O-O 13.c3 Ne6 14.Ng3 Nc7 15.Be3 Nxd5
16.exd5 d6 17.O-O Be7 18.f4 f5 19.Bd2 c4 20.Qe2 cxd3 21.Qxd3 e4 22.Qd4 Bf6
23.Qe3 g6 24.Rfd1 Bb7 25.Be1 Ra8 26.Qd2 Qc7 27.Bf2 Qc4 28.Nf1 Rxa1 29.Rxa1 Qxd5
30.Qxd5+ Bxd5 31.Rd1 Bc4 32.Rxd6 Ra8 33.Rxf6 Ra1 34.g3 Rxf1+ 35.Kg2 Rd1 36.Bc5 Rd2+
37.Kg1 Rxb2 38.Rf8+ Kg7 39.Rd8 Kf7 40.Rd7+ Ke6 41.Rd6+ Kf7 42.Rd7+ Ke6 43.Rd6+ Kf7
44.Rd7+ Ke6  1/2-1/2

[Event "3rd Inv FIDE MN"]
[Site "Saint Paul USA"]
[Date "2010.03.06"]
[Round "7"]
[White "Hortillosa,A"]
[Black "Purcell,B"]
[Result "1-0"]
[WhiteElo "2068"]
[BlackElo "1997"]

1.e4 c5 2.Nc3 Nc6 3.Bb5 Na5 4.f4 a6 5.Bf1 e6 6.Nf3 Nc6 7.g3 d5 8.Bg2 Nf6
9.e5 Nd7 10.O-O b5 11.Ne2 Qb6 12.Kh1 Be7 13.d4 cxd4 14.Nexd4 Bb7 15.Be3 Nxd4
16.Nxd4 Qc7 17.a3 g6 18.Qe2 h5 19.h4 Rc8 20.c3 Qc4 21.Qf2 Nc5 22.Rfd1 Nd3
23.Qc2 Nxb2 24.Qxb2 Qxc3 25.Qf2 Bxa3 26.Bf1 b4 27.Bd3 Qc7 28.Kh2 O-O 29.Qe2 Qc3
30.g4 hxg4 31.Qxg4 Qb2+ 32.Rd2 Qxa1 33.Bxg6 f5 34.Bxf5+ Kf7 35.Qg6+  1-0

[Event "11th EICC Women"]
[Site "Rijeka CRO"]
[Date "2010.03.07"]
[Round "2"]
[White "Calzetta Ruiz,M"]
[Black "Ushenina,A"]
[Result "1/2-1/2"]
[WhiteElo "2296"]
[BlackElo "2452"]

1.e4 c5 2.Nc3 Nc6 3.Bb5 Nd4 4.Bc4 e6 5.Nge2 Nf6 6.O-O a6 7.a4 d5 8.exd5 exd5
9.Ba2 Bd6 10.d3 Ne6 11.Ng3 Bxg3 12.hxg3 Qd6 13.Re1 O-O 14.a5 Bd7 15.Ne2 Rfe8
16.c3 d4 17.Nf4 h6 18.Nh5 Nxh5 19.Qxh5 Re7 20.Qd5 Qxd5 21.Bxd5 dxc3 22.bxc3 Bc6
23.Bxe6 Rxe6 24.Rxe6 fxe6 25.Ba3 Rd8 26.Bxc5 Rxd3 27.Bd4 Rd2 28.g4 Bd5 29.Re1 Ra2
30.Bb6 Kf7 31.Kh2 Ra3 32.Re3 Ra2 33.Kg3 Ra4 34.f3 Kg6 35.Re5 Ra3 36.Re3 Ra4
37.Re5 Ra3 38.Re3 Ra4 39.Re5 Kf7 40.Re3 g5 41.Rd3 Ra3  1/2-1/2

[Event "11th EICC Women"]
[Site "Rijeka CRO"]
[Date "2010.03.07"]
[Round "2"]
[White "Solic,K"]
[Black "Tonel,G"]
[Result "1-0"]
[WhiteElo "2192"]
[BlackElo "2023"]

1.e4 c5 2.Nc3 Nc6 3.Nge2 d6 4.d4 cxd4 5.Nxd4 e5 6.Nb3 Be6 7.Be3 Be7 8.Qd2 Nf6
9.f3 O-O 10.O-O-O a6 11.g4 b5 12.g5 Nd7 13.Nd5 Bxd5 14.exd5 Na7 15.h4 Nc8
16.Na5 Ncb6 17.Nc6 Qe8 18.b3 Rc8 19.Bh3 Rc7 20.Qa5 Na8 21.Qxa6 f5 22.gxf6 Bxf6
23.Qxb5 Kh8 24.Qb4 Ndb6 25.Bxb6 Rb7 26.Qxd6 Nxb6 27.Qe6 Qa8 28.a4 Re8 29.Qd6 Nxa4
30.Bd7 Rg8 31.Be6 e4 32.Ne5 Rd8 33.Nd7 e3 34.Qf4 Nc3 35.Qxe3 Nxd1 36.Rxd1 Rbxd7
37.Bxd7 Rxd7 38.Qc5 h6 39.b4 Bxh4 40.d6 Bg5+ 41.Kb2 Bf6+ 42.c3 Qxf3 43.Rd5 Rd8
44.Rd2 Qf4 45.Rd3 Qh2+ 46.Kb1 Qh1+ 47.Kc2 Qg2+ 48.Rd2 Qe4+ 49.Kb2 Bg5 50.Qd4 Qc6
51.Qd5 Qd7 52.Rd3 Bf6 53.Kb3 Qg4 54.c4 Qg1 55.Rd1 Qa7 56.c5 Ra8 57.Qd2 Qa4+
58.Kc4 Bc3 59.Kxc3 Qa3+ 60.Kc4 Qa6+  1-0

[Event "XIV Vasconcellos Mem"]
[Site "Brasilia BRA"]
[Date "2010.03.08"]
[Round "1"]
[White "Rodi,L"]
[Black "Barbosa,E"]
[Result "1/2-1/2"]
[WhiteElo "2311"]
[BlackElo "2365"]

1.e4 c5 2.Nc3 Nc6 3.Nf3 d6 4.d4 cxd4 5.Nxd4 e5 6.Ndb5 a6 7.Na3 b5 8.Nd5 Nge7
9.c4 Nd4 10.Be3 Nxd5 11.cxd5 Be7 12.Bd3 O-O 13.O-O Bf6 14.Rc1 Bd7 15.Qd2 Qb6
16.Nc2 Rac8 17.f3 g6 18.Rfd1 Bg7 19.Bf1 f5 20.Nxd4 exd4 21.Bf2 fxe4 22.fxe4 Rxc1
23.Rxc1 Be5 24.Rd1 Rc8 25.Bd3 Rf8 26.Bf1 Rc8 27.Bd3 Rf8 28.Rf1 Kg7 29.Bh4 Rxf1+
30.Kxf1 Qb8 31.Kg1 Qf8 32.Bg5 Kg8 33.Qa5 Qc8 34.Qd8+ Qxd8 35.Bxd8 Kf7 36.g3 h6
37.Kf2 g5 38.b3 g4 39.Bf1 h5 40.Ke2 Ke8 41.Bb6 Ke7 42.b4 Kf6 43.Kd3 Bc8 44.Bxd4 Bd7
45.Bb6 Bc8 46.Be2 Bd7 47.Ke3 Ke7 48.Bd4 Kf6 49.Kd3 Bc8 50.Bd1 Bd7 51.Bc2 Bc8
52.a4 Bd7 53.axb5 axb5 54.Ke3 Be8 55.Bd3 Bd7 56.Bf1 Be8 57.h3 Bd7 58.hxg4 hxg4
59.Be2 Ke7 60.Bxe5 dxe5  1/2-1/2

[Event "11th EICC Women"]
[Site "Rijeka CRO"]
[Date "2010.03.08"]
[Round "3"]
[White "Milliet,S"]
[Black "Doluhanova,E"]
[Result "1/2-1/2"]
[WhiteElo "2391"]
[BlackElo "2297"]

1.e4 c5 2.Nf3 Nc6 3.Nc3 e5 4.Bc4 Be7 5.d3 d6 6.O-O Nf6 7.Ng5 O-O 8.f4 Bg4
9.Qe1 exf4 10.Bxf4 h6 11.Nf3 Nh5 12.Bd2 Ne5 13.Nxe5 dxe5 14.Nd5 Bg5 15.Bc3 Qd6
16.Ne3 Bxe3+ 17.Qxe3 Rae8 18.Rab1 Qg6 19.Kh1 b6 20.b4 Nf4 21.Rf2 Qh5 22.bxc5 bxc5
23.Rbf1 Be6 24.Bxe6 Rxe6 25.Qxc5 Ne2 26.Bb4 Rb8 27.Qe3 Rxb4 28.Rxe2 Reb6
29.Ref2 f6 30.c4 Rb2 31.h3 Rxf2 32.Qxf2 Qe8 33.c5 Rb5 34.Qc2 Qc6 35.Qc4+ Kf8
36.Rc1 Ra5 37.Qd5 Qxd5 38.exd5 Ke7 39.Rc3 Kd8 40.a3 Kc7 41.Kg1 Ra4 42.Kf2 Rd4
43.d6+ Kc6 44.Ke3 f5 45.Kf3 h5 46.Ke3 g5 47.Rc1 Ra4 48.Rc3 Rd4 49.Rc1 Ra4
50.Rc3 Rd4  1/2-1/2

[Event "11th EICC Women"]
[Site "Rijeka CRO"]
[Date "2010.03.08"]
[Round "3"]
[White "Lomako,A"]
[Black "Khotenashvili,B"]
[Result "1-0"]
[WhiteElo "2258"]
[BlackElo "2448"]

1.e4 c5 2.Nc3 Nc6 3.Bb5 Nd4 4.Bc4 e6 5.Nf3 Nf6 6.O-O a6 7.Bb3 b5 8.e5 Nxb3
9.axb3 b4 10.Na4 Nd5 11.d4 cxd4 12.Qxd4 Bb7 13.c4 Ne7 14.Qd3 Ng6 15.Bg5 f6
16.exf6 gxf6 17.Be3 Rg8 18.Kh1 Ne5 19.Qxh7 Rxg2 20.Kxg2 Bxf3+ 21.Kg3 Qe7
22.Qxe7+ Bxe7 23.Bd4 Bc6 24.f4 Nf7 25.Nb6 Rb8 26.f5 Nd6 27.fxe6 dxe6 28.Rxa6 Ne4+
29.Kh3 Kf7 30.Ra7 Rf8 31.Kg4 Rg8+ 32.Kf4 Nd2 33.Rf2 Ne4 34.Re2 e5+ 35.Bxe5 fxe5+
36.Kxe5 Nc5 37.Nd5 Nd7+ 38.Kf5 Bd8 39.Nxb4 Bb6 40.Nxc6 Bxa7 41.Re7+ Kf8 42.Rxd7  1-0

[Event "11th EICC Women"]
[Site "Rijeka CRO"]
[Date "2010.03.10"]
[Round "5"]
[White "Kosintseva,N"]
[Black "Romanko,M"]
[Result "1-0"]
[WhiteElo "2554"]
[BlackElo "2409"]

1.e4 c5 2.Nf3 Nc6 3.Nc3 d6 4.d4 cxd4 5.Nxd4 Nf6 6.Bg5 g6 7.Bxf6 exf6 8.Bc4 Bg7
9.Ndb5 O-O 10.Qxd6 f5 11.O-O-O Qa5 12.Qc7 fxe4 13.Qxa5 Nxa5 14.Bd5 Bg4 15.Rde1 a6
16.Nd6 e3 17.f3 Be6 18.Bxe6 fxe6 19.Nde4 Rad8 20.h4 Rf5 21.Rd1 Rdf8 22.Rd7 b5
23.Ne2 Re5 24.c3 Bh6 25.b3 Nc6 26.Rc7 Nb8 27.Kc2 Rd5 28.Rd1 Rf7 29.Rc8+  1-0

[Event "11th EICC Women"]
[Site "Rijeka CRO"]
[Date "2010.03.10"]
[Round "5"]
[White "Batory,L"]
[Black "Tonel,G"]
[Result "0-1"]
[WhiteElo "1575"]
[BlackElo "2023"]

1.e4 c5 2.Nf3 Nc6 3.Nc3 d6 4.Bc4 Nf6 5.b3 e6 6.Bb2 Be7 7.O-O O-O 8.Re1 e5
9.h3 a6 10.a4 h6 11.Nd5 Re8 12.c3 Bf8 13.d4 g6 14.Nxf6+ Qxf6 15.d5 Ne7 16.Bc1 Qh8
17.Be3 Bd7 18.a5 Rac8 19.Qd2 f5 20.Qc2 f4 21.Bc1 g5 22.Be2 Ng6 23.Nh2 Be7
24.Ng4 Rf8 25.Kh2 h5 26.Qd1 hxg4 27.Bxg4 Bxg4 28.Qxg4 Qf6 29.Bb2 Rc7 30.Rf1 Bd8
31.g3 Rh7 32.gxf4 Qxf4+ 33.Qxf4 Nxf4 34.Bc1 Rxh3+ 35.Kg1 Rxc3 36.Rb1 Ne2+
37.Kg2 Nxc1 38.Rfxc1 Rxc1 39.Rxc1 Bxa5 40.f3 Kg7 41.Kg3 Bb4 42.Rh1 b5 43.Kg4 Kg6
44.Rh5 Rf4+ 45.Kg3 Kxh5  0-1

[Event "11th EICC Women"]
[Site "Rijeka CRO"]
[Date "2010.03.10"]
[Round "5"]
[White "Bodnaruk,A"]
[Black "Doluhanova,E"]
[Result "1/2-1/2"]
[WhiteElo "2384"]
[BlackElo "2297"]

1.e4 c5 2.Nf3 Nc6 3.Nc3 e5 4.Bc4 Be7 5.d3 d6 6.O-O Nf6 7.Ng5 O-O 8.f4 Bg4
9.Qe1 exf4 10.Bxf4 Nd4 11.Qd2 h6 12.Nf3 Bxf3 13.gxf3 Kh7 14.Be3 Ne6 15.Kh1 Nd7
16.Nd5 Ne5 17.f4 Nxc4 18.dxc4 Nc7 19.Rad1 Nxd5 20.Qxd5 Qc8 21.f5 Qc6 22.b3 Qxd5
23.Rxd5 Rfe8 24.Kg2 a5 25.Bf4 a4 26.Rfd1 axb3 27.axb3 Ra2 28.R1d2 Rd8 29.Kf3 f6
30.Bxd6 Bxd6 31.Rxd6 Rxd6 32.Rxd6 Rxc2 33.Rb6 Rxh2 34.Rxb7 Rh3+ 35.Kg4 Re3
36.Kf4 Rc3 37.e5 fxe5+ 38.Kxe5 Re3+ 39.Kd5 Rf3 40.Kxc5 h5 41.Kb4 h4 42.Rd7 Rxf5
43.c5 h3 44.c6 Rf2 45.Rd3 h2 46.Rh3+ Kg6 47.Rh8 Rf4+ 48.Ka3 Rf6 49.Rxh2 Rxc6
50.b4 Kf5 51.b5 Rc7 52.Kb4 g5 53.b6 Rb7 54.Kc5 g4 55.Rh8 Rg7 56.Kc6 g3 57.b7 Rxb7
58.Kxb7 Ke4 59.Kc6 g2 60.Rg8 Kf3 61.Kd5  1/2-1/2

[Event "81st ch-GER"]
[Site "Bad Liebenzell GER"]
[Date "2010.03.11"]
[Round "7"]
[White "Tischbierek,R"]
[Black "Lubbe,N"]
[Result "1-0"]
[WhiteElo "2433"]
[BlackElo "2353"]

1.e4 c5 2.Nc3 Nc6 3.Bb5 Nd4 4.Bc4 g6 5.Nf3 Bg7 6.Nxd4 cxd4 7.Qf3 e6 8.Nb5 d6
9.Qa3 Ke7 10.c3 dxc3 11.e5 Bxe5 12.d4 cxb2 13.Qxb2 Bf6 14.Bf4 Qa5+ 15.Bd2 Qb6
16.Bb4 Kf8 17.Nxd6 Ne7 18.Ne4 Bxd4 19.Bxe7+ Kxe7 20.Qa3+ Kd8 21.Rd1 Bd7 22.O-O f5
23.Nd6 Kc7 24.Rb1 Qc5 25.Qg3 Qe5 26.Qxe5 Bxe5 27.Nf7 Bd4 28.Rfc1 Bc6 29.Nxh8 Rxh8
30.Bxe6 Re8 31.Bc4 Re4 32.Kf1 Rf4 33.f3 Be3 34.Rc3 Bd4 35.Rc2 Kd6 36.Rd1 Ke7
37.Bg8 h5 38.Bc4 h4 39.h3 Bb6 40.Re2+ Kf6 41.Rd6+ Kg7 42.Re7+ Kh6 43.Bf7 Bc5
44.Rxg6+ Kh7 45.Rc7 Bb6 46.Re7 Bc5 47.Ree6 Bb5+ 48.Ke1 Bc4 49.Bg8+ Kh8 50.Re8 Bb4+
51.Kd1 Rd4+ 52.Kc1 Bd3 53.Rh6+ Kg7 54.Rh7+ Kg6 55.Be6 Kg5 56.f4+  1-0

[Event "ch-BUL U20"]
[Site "Sofia BUL"]
[Date "2010.03.11"]
[Round "5"]
[White "Janev,T"]
[Black "Georgiev,S"]
[Result "1-0"]
[WhiteElo "2325"]
[BlackElo "2134"]

1.e4 c5 2.Nc3 Nc6 3.Bb5 Nd4 4.Bc4 a6 5.Nf3 Nxf3+ 6.Qxf3 e6 7.d3 Ne7 8.Bg5 Qb6
9.O-O-O Nc6 10.Rhe1 Bd6 11.Bf4 Qc7 12.Bxd6 Qxd6 13.Qg4 g6 14.f4 b5 15.Bb3 h5
16.Qg5 Qe7 17.Qg3 Bb7 18.Nd5 Qd6 19.e5 Qb8 20.Nf6+ Kd8 21.Ne4 Qa7 22.c3 Na5
23.Nd6 Rf8 24.Bc2 Kc7 25.d4 c4 26.Qg5 Qb8 27.Be4 Qd8 28.Qg3 Bxe4 29.Nxe4 Kb8
30.d5 Qc7 31.Qh4 Nb7 32.Qe7 Qd8 33.Qb4 Ka7 34.dxe6 fxe6 35.g3 Rf7 36.Ng5 Re7
37.a4 Kb6 38.Ne4 Rg7 39.Nd6  1-0

[Event "11th EICC Women"]
[Site "Rijeka CRO"]
[Date "2010.03.12"]
[Round "7"]
[White "Milliet,S"]
[Black "Melnikova,Y"]
[Result "1/2-1/2"]
[WhiteElo "2391"]
[BlackElo "2272"]

1.e4 c5 2.Nf3 Nc6 3.Nc3 d6 4.d4 cxd4 5.Nxd4 Nf6 6.Bg5 e6 7.Qd2 Be7 8.O-O-O O-O
9.f4 Nxd4 10.Qxd4 Qa5 11.Bc4 Bd7 12.e5 dxe5 13.fxe5 Bc6 14.Bd3 Rfd8 15.Qf4 Nd5
16.Nxd5 Bxg5 17.Qxg5 Rxd5 18.Rhf1 Rxe5 19.Qe7 f5 20.g4 Re8 21.Qg5 Qxa2 22.Qf4 Rd5
23.gxf5 exf5 24.Qc4 Qa1+ 25.Kd2 Qa5+ 26.b4 Qd8 27.Rxf5 Kh8 28.Rdf1 Rxf5 29.Rxf5 Be4
30.Rf4 Bxd3 31.cxd3 Qg5 32.Qf7 Rc8 33.h4 Qh6 34.Kd1 Qd6 35.Kd2 h6 36.h5 Qe5
37.Rc4 Qb2+ 38.Ke3 Qe5+ 39.Kd2 Re8 40.Re4 Qb2+ 41.Kd1 Qb1+ 42.Kd2 Qb2+ 43.Kd1 Rxe4
44.Qf8+ Kh7 45.Qf5+ Kg8 46.Qxe4 Qb3+ 47.Kd2 Qf7 48.Qe5 Qf2+ 49.Kc1 Qf1+ 50.Kc2 Qg2+
51.Kb3 a6 52.d4 Kf7 53.Qf5+ Ke7 54.Qe5+ Kd7 55.Qf5+ Kc7 56.Qe5+ Kd7 57.Qf5+ Kd6
58.Qe5+  1/2-1/2

[Event "ch-BUL U20"]
[Site "Sofia BUL"]
[Date "2010.03.12"]
[Round "7"]
[White "Ninov,D"]
[Black "Kurtenkov,A"]
[Result "0-1"]
[WhiteElo "2012"]
[BlackElo "2426"]

1.e4 c5 2.Nc3 Nc6 3.Bb5 Nd4 4.Ba4 g6 5.Nge2 Bg7 6.O-O e6 7.Nxd4 cxd4 8.Nb5 Qb6
9.c3 d3 10.Qf3 a6 11.Na3 Qc7 12.Qxd3 b5 13.Bb3 Nf6 14.Qe2 d6 15.d3 O-O 16.Nc2 Nd7
17.Ne3 Nc5 18.Bc2 Bb7 19.Bd2 f5 20.f3 f4 21.Ng4 h5 22.Nf2 e5 23.Rfd1 Bc8
24.Be1 Ne6 25.Rac1 Qe7 26.Bb3 Kh8 27.a3 g5 28.h3 Bf6 29.Rd2 Qg7 30.Rdd1 Ra7
31.a4 bxa4 32.Bxa4 g4 33.hxg4 Nc5 34.Bc2 hxg4 35.Nxg4 Bxg4 36.fxg4 Qh6 37.Qf3 Rh7
38.Kf1 Ne6 39.Ke2 Ng5 40.Qf2 f3+ 41.gxf3 Nxf3 42.Qxf3 Bg5 43.Qg3 Bxc1 44.Bf2 Bxb2
45.d4 Qh2 46.dxe5 dxe5 47.Rd3 Qxf2+ 48.Qxf2 Rxf2+ 49.Kxf2 Rh2+ 50.Kf1 Rxc2
51.Rd8+ Kg7 52.Ra8 Bxc3 53.Rxa6 Bd4 54.Rd6 Rf2+ 55.Ke1 Rg2 56.g5 Rxg5 57.Ke2 Rg3
58.Kd2 Re3  0-1

[Event "ch-BUL U20"]
[Site "Sofia BUL"]
[Date "2010.03.12"]
[Round "7"]
[White "Andreev,Sa"]
[Black "Janev,P"]
[Result "1-0"]
[WhiteElo "2187"]
[BlackElo "2033"]

1.e4 c5 2.Nc3 Nc6 3.Bb5 g6 4.Bxc6 bxc6 5.d3 Bg7 6.f4 d6 7.Rb1 h5 8.Bd2 Nh6
9.Nf3 O-O 10.O-O f5 11.h3 e6 12.Qe2 c4 13.dxc4 fxe4 14.Nxe4 Nf5 15.Kh2 Qc7
16.Rfe1 Bd7 17.c5 dxc5 18.Nxc5 Rae8 19.Ne5 Bc8 20.Nxg6 Rf6 21.Ne5 Rd8 22.Rbd1 Rdf8
23.c3 Rh6 24.Bc1 h4 25.Qg4 Ng3 26.Ne4 Nf5 27.b3 Ng3 28.Nxg3 hxg3+ 29.Qxg3 Kh7
30.Qd3+ Kg8 31.b4 Rh5 32.Qg3 Rhf5 33.Be3 Kh7 34.Qh4+ Kg8 35.Qg3 Kh7 36.Bc5 Rg8
37.Qh4+ Bh6 38.g3 Qg7 39.Ng4 Rd5 40.Rxd5 cxd5 41.Nf6+  1-0

[Event "11th EICC Women"]
[Site "Rijeka CRO"]
[Date "2010.03.14"]
[Round "8"]
[White "Lomako,A"]
[Black "Kushka,A"]
[Result "1-0"]
[WhiteElo "2258"]
[BlackElo "2164"]

1.e4 c5 2.Nc3 Nc6 3.Bb5 Nd4 4.Bc4 e6 5.Nf3 Ne7 6.Nxd4 cxd4 7.Ne2 Nc6 8.O-O g6
9.c3 Bg7 10.d3 O-O 11.cxd4 Nxd4 12.Nxd4 Bxd4 13.Qb3 a6 14.a4 Rb8 15.Bf4 d6
16.Qa3 e5 17.Bd2 b5 18.axb5 axb5 19.Ba2 Bg4 20.Bd5 Qb6 21.Qb3 b4 22.Bh6 Be2
23.Bxf8 Rxf8 24.Rfc1 Bxf2+ 25.Kh1 Bh4 26.Rc2 Qe3 27.Qxb4 Bg4 28.Qd2 Qd4 29.Rf1 Kh8
30.Rc7  1-0

[Event "11th EICC Women"]
[Site "Rijeka CRO"]
[Date "2010.03.15"]
[Round "9"]
[White "Sandu,Mi"]
[Black "Tonel,G"]
[Result "1-0"]
[WhiteElo "2277"]
[BlackElo "2023"]

1.e4 c5 2.Nc3 Nc6 3.Bb5 Nd4 4.Bc4 d6 5.Nge2 Nxe2 6.Qxe2 e6 7.d3 g6 8.f4 Ne7
9.O-O Bg7 10.f5 Bd4+ 11.Be3 d5 12.Bb5+ Bd7 13.fxe6 fxe6 14.Bxd4 cxd4 15.Qf2 Qb6
16.Bxd7+ Kxd7 17.Ne2 e5 18.exd5 Raf8 19.Qh4 Nxd5 20.Rxf8 Rxf8 21.Qxh7+ Kc8
22.Qg7 Qd6 23.Ng3 Rf4 24.Ne4 Qe6 25.Nc5 Qc6 26.Qh8+ Kc7 27.Qxe5+ Kb6 28.Ne4  1-0

[Event "11th EICC Women"]
[Site "Rijeka CRO"]
[Date "2010.03.16"]
[Round "10"]
[White "Lomako,A"]
[Black "Chelushkina,I"]
[Result "0-1"]
[WhiteElo "2258"]
[BlackElo "2319"]

1.e4 c5 2.Nc3 Nc6 3.Bb5 g6 4.Bxc6 dxc6 5.d3 b6 6.Be3 e5 7.Qd2 a5 8.f4 exf4
9.Bxf4 Bg7 10.Nf3 a4 11.a3 h6 12.O-O g5 13.Bg3 Ne7 14.Kh1 O-O 15.Rfe1 Ng6
16.e5 g4 17.Ng1 Re8 18.Nge2 Qg5 19.Nf4 Bf5 20.Qf2 Bxe5 21.Ne4 Bxe4 22.Rxe4 Bxf4
23.Bxf4 Qf5 24.Rae1 Re6 25.Rxe6 fxe6 26.Bg3 Qxf2 27.Bxf2 Kf7 28.Re4 g3 29.Bxg3 Kf6
30.Bc7 e5 31.Bxb6 Rb8 32.Bxc5 Rxb2 33.g3 Rxc2 34.Bg1 Rc3 35.Rxa4 Rxd3 36.Ra6 Kf5
37.a4 Rc3 38.Ra7 e4 39.Bd4 Rc1+ 40.Kg2 Rc2+ 41.Kg1 Ke6 42.Ra5 Rc4 43.Be3 Ne5
44.Bf4 Nd3 45.Rh5 Rxa4  0-1

[Event "Six Seasons GM"]
[Site "Dhaka BAN"]
[Date "2010.03.17"]
[Round "2"]
[White "Grover,S"]
[Black "Roy Chowdhury,S"]
[Result "0-1"]
[WhiteElo "2434"]
[BlackElo "2429"]

1.e4 c5 2.Nf3 Nc6 3.Nc3 g6 4.d4 cxd4 5.Nxd4 Bg7 6.Nb3 Nf6 7.Be2 O-O 8.O-O d6
9.Re1 a5 10.a4 Be6 11.Bf1 Nb4 12.Nd4 Bd7 13.Bb5 e5 14.Nb3 Be6 15.Bg5 h6 16.Bh4 Qb6
17.Kh1 Rac8 18.Rc1 g5 19.Bg3 Rfd8 20.Qe2 Rxc3 21.bxc3 Na2 22.Ra1 Nxc3 23.Qd2 Nfxe4
24.Qd3 d5 25.Nd2 Nxg3+ 26.Qxg3 e4 27.Bf1 f5 28.f4 Qd6 29.fxg5 Qxg3 30.hxg3 hxg5  0-1

[Event "11th EICC Women"]
[Site "Rijeka CRO"]
[Date "2010.03.17"]
[Round "11"]
[White "Calzetta Ruiz,M"]
[Black "Umudova,N"]
[Result "1/2-1/2"]
[WhiteElo "2296"]
[BlackElo "2211"]

1.e4 c5 2.Nf3 Nc6 3.Nc3 Nf6 4.d4 cxd4 5.Nxd4 e5 6.Ndb5 d6 7.Bg5 a6 8.Na3 b5
9.Nd5 Be7 10.Bxf6 Bxf6 11.c4 b4 12.Nc2 Rb8 13.Qd3 Bg5 14.Be2 O-O 15.O-O a5
16.Rfd1 g6 17.Qb3 Be6 18.a3 a4 19.Qxa4 b3 20.Ncb4 Nd4 21.Rxd4 exd4 22.Qxb3 Bxd5
23.exd5 Bd2 24.Rd1 Bxb4 25.axb4 Re8 26.Bf1 Qa5  1/2-1/2

[Event "Six Seasons GM"]
[Site "Dhaka BAN"]
[Date "2010.03.18"]
[Round "4"]
[White "Roy Chowdhury,S"]
[Black "Abu Sufian,S"]
[Result "1-0"]
[WhiteElo "2429"]
[BlackElo "2320"]

1.e4 c5 2.Nf3 Nc6 3.Nc3 g6 4.Bb5 Bg7 5.O-O d6 6.d3 Bd7 7.Be3 a6 8.Bxc6 Bxc6
9.Qd2 e5 10.Ne1 Ne7 11.f4 exf4 12.Bxf4 O-O 13.Nf3 b5 14.Bh6 b4 15.Bxg7 Kxg7
16.Ne2 f5 17.Nf4 Qd7 18.Rac1 fxe4 19.Ng5 Rf6 20.Nh5+ gxh5 21.Rxf6 Kxf6 22.Rf1+ Kg7
23.Rf7+ Kg8 24.Qf2 Qg4 25.Rg7+  1-0

[Event "26th Budapest Spring Festival"]
[Site "Budapest HUN"]
[Date "2010.03.19"]
[Round "1"]
[White "Steffens,O"]
[Black "Katona,Jo3"]
[Result "1-0"]
[WhiteElo "2250"]
[BlackElo "1934"]

1.e4 c5 2.Nc3 Nc6 3.Bb5 Nd4 4.Bc4 a6 5.Nf3 e6 6.Nxd4 cxd4 7.Ne2 b5 8.Bb3 Bc5
9.d3 Bb7 10.O-O Ne7 11.Ng3 O-O 12.Qh5 Bb6 13.f4 f5 14.exf5 g6 15.fxg6 hxg6
16.Qg4 Kh7 17.f5 Nxf5 18.Nxf5 Rxf5 19.Rxf5 exf5 20.Qh3+ Kg7 21.Bh6+ Kf6 22.Qh4+ Ke5
23.Bf4+  1-0